000 01234nam a2200289 a 4500
003 OSt
005 20230524125815.0
007 cr ||||||a|c|a
008 230427s2020 mx ||||fom||| 001 0 spa d
040 _erda
100 1 _9186820
_aBravo Pérez, Anayanci
245 1 0 _aFactores que inciden en los gustos y preferencias de los consumidores de limón fresco en México 2018 /
_cpor Anayanci Bravo Pérez; director de tesis María del Socorro Bravo Pérez
264 1 _aChapingo, México :
_bEl autor,
_c2020.
300 _a1 recurso en línea (114 páginas):
_bcuadros, gráficas
336 _2rdacontent
_atexto
_btxt
337 _2rdamedia
_acomputadora
_bc
338 _2rdacarrier
_arecurso en línea
_bcr
502 _bIEA
_cDICEA
_d2020.
_gLIC
504 _aIncluye referencias bibliográficas: páginas 109-110
650 4 _9186924
_aLimón
_xConsumo
650 4 _966848
_aLimón
_xRendimiento
650 4 _966816
_aLimón
_xAspectos económicos
_xMéxico
650 4 _966839
_aLimón
_xMercadeo
_zMéxico
700 1 _940301
_aFernández Silva, María del Socorro
_eDirector de tesis.
856 _uhttp://10.13.5.2/tesis/tl/Bravo_Perez_Anayanci.pdf
_zDESCARGAR PDF
942 _2Clasificación Universidad Autónoma Chapingo
_cTD
999 _c218642
_d218642